Gender, migration and domestic service / (Record no. 95418)

MARC details
000 -LEADER
fixed length control field 00624nam a22001937a 4500
005 - DATE AND TIME OF LATEST TRANSACTION
control field 20151001110610.0
010 ## - LCCN (DPL NO)
LC control number ENG-113769
020 ## - INTERNATIONAL STANDARD BOOK NUMBER
International Standard Book Number 978938334216
Terms of availability 1100.00
035 ## - SYSTEM CONTROL NUMBER
System control number EN- 97301
037 ## - SOURCE OF ACQUISITION
Source of stock number/acquisition DBAD/PUB
082 ## - DEWEY DECIMAL CLASSIFICATION NUMBER
Classification number 331.412791
100 ## - MAIN ENTRY--PERSONAL NAME
Personal name Devi Laishram, R.
245 ## - TITLE STATEMENT
Title Gender, migration and domestic service /
Statement of responsibility, etc by R. Devi Laishram
260 ## - PUBLICATION, DISTRIBUTION, ETC. (IMPRINT)
Place of publication, distribution, etc Delhi
Name of publisher, distributor, etc A.K. Publications
Date of publication, distribution, etc 2014
270 ## - ADDRESS
Address B-61./E-1, Gali No.14, Jagat Puri Extn. Shahdara
City Delhi
Postal code 110093
300 ## - PHYSICAL DESCRIPTION
Extent 277p.
Dimensions 23cm(Hb)
500 ## - GENERAL NOTE
General note Includes bibliographical references and index
942 ## - ADDED ENTRY ELEMENTS (KOHA)
Source of classification or shelving scheme Dewey Decimal Classification
Item type English Books
Call number suffix DEV
Classification part 331.412791
Holdings
Withdrawn status Lost status Not for loan Collection code Home library Current library Date acquired Source of acquisition Cost, normal purchase price Full call number Barcode Copy number Cost, replacement price Koha item type
    Not For Loan Non-fiction D.B.Act.Division D.B.Act.Division 03/08/2015 DBAD/PUB 1100.00 331.412791 DEV EN-97301 1 1100.00 English Books

© Delhi Public Library
Hit Counter
free hit counter